Biggest Cities in the Balkans on a Map - Statistics

General Stats
  • This quiz has been taken 3,345 times
  • The average score is 23 of 44
Answers on the Map
Answers color-coded by a green-red scale on the quiz's map according to % correct below.
 
Answer Stats
Country Pop City % Correct
3.16 m Athens
97%
1.23 m Belgrade
97%
1.24 m Sofia
97%
1.08 m Zagreb
97%
15.1 m Istanbul
96%
418 k Tirana
96%
419 k Sarajevo
95%
295 k Ljubljana
93%
509 k Skopje
93%
145 k Pristina
90%
805 k Thessaloniki
89%
150 k Podgorica
88%
240 k Split
87%
277 k Novi Sad
75%
336 k Varna
67%
346 k Plovdiv
63%
187 k Niš
61%
138 k Banja Luka
57%
213 k Rijeka
56%
113 k Durrës
55%
157 k Heraklion
55%
96.2 k Maribor
55%
202 k Burgas
47%
165 k Edirne
42%
195 k Patras
40%
84.1 k Osijek
38%
85.1 k Prizren
37%
144 k Larissa
33%
105 k Subotica
33%
150 k Kragujevac
28%
149 k Ruse
26%
85.8 k Ioannina
23%
88.5 k Chania
22%
130 k Volos
21%
138 k Stara Zagora
19%
106 k Pleven
18%
174 k Tekirdağ
17%
235 k Çorlu
16%
88.2 k Dobrich
13%
91.6 k Sliven
13%
105 k Lüleburgaz
8%
137 k Silivri
6%
125 k Çerkezköy
5%
97.7 k Kapaklı
4%
No matching quizzes found
Score Distribution
Percent of People with Each Score
Percentile by Number Answered
Your Score History
You have not taken this quiz